Подробности
| 000 -МАРКЕР |
| контрольное поле |
02051nam2a2200361 4500 |
| 001 - ИДЕНТИФИКАТОР ЗАПИСИ |
| контрольное поле |
RU\NLR\BIBL_A\010361185 |
| 005 - ИДЕНТИФИКАТОР ВЕРСИИ |
| контрольное поле |
20250614042732.0 |
| 010 ## - МЕЖДУНАРОДНЫЙ СТАНДАРТНЫЙ НОМЕР КНИГИ (ISBN) |
| Номер (ISBN) |
978-5-4317-0095-8 |
| Тираж |
100 |
| 021 ## - НОМЕР ГОСУДАРСТВЕННОЙ РЕГИСТРАЦИИ |
| Код страны |
Российская Федерация |
| Номер |
2014-20714 |
| Номер Листа государственной регистраци |
1285 |
| 035 ## - ДРУГИЕ СИСТЕМНЫЕ НОМЕРА |
| Идентификатор записи |
(NLR Aleph) 010361185 |
| 100 ## - ДАННЫЕ ОБЩЕЙ ОБРАБОТКИ |
| Данные общей обработки |
20140526d2014 |||y0rusy50 ca |
| 101 0# - ЯЗЫК РЕСУРСА |
| Язык текста, звукозаписи и т.д. |
русский |
| 102 ## - СТРАНА ПУБЛИКАЦИИ ИЛИ ПРОИЗВОДСТВА |
| Страна публикации |
Российская Федерация |
| 105 ## - ПОЛЕ КОДИРОВАННЫХ ДАННЫХ: ТЕКСТОВЫЕ МАТЕРИАЛЫ, МОНОГРАФИЧЕСКИЕ |
| Кодированные данные о монографическом текстовом документе |
ac||z|||001zy |
| 200 1# - ЗАГЛАВИЕ И СВЕДЕНИЯ ОБ ОТВЕТСТВЕННОСТИ |
| Основное заглавие |
Общественная организация г. Самара, спортивный клуб легкой атлетики "Космос" |
| 210 ## - ПУБЛИКАЦИЯ, РАСПРОСТРАНЕНИЕ И ДР. |
| Дата издания, распространения и т.д. |
2014 |
| Место издания, распространения и т.д. |
Б. м. |
| 215 ## - ФИЗИЧЕСКАЯ ХАРАКТЕРИСТИКА |
| Специфическое обозначение материала и объем |
143 с. |
| Другие сведения о физической характеристике |
ил., портр. |
| 300 ## - ОБЩИЕ ПРИМЕЧАНИЯ |
| Текст примечания |
На 4-й с. обл. авт.: В.С. Лобачев, доц. |
| 320 ## - ПРИМЕЧАНИЯ О НАЛИЧИИ В ДОКУМЕНТЕ БИБЛИОГРАФИИ / УКАЗАТЕЛЯ |
| Текст примечания |
Библиогр. в тексте |
| 461 #0 - УРОВЕНЬ НАБОРА |
| Встроенное поле |
001RU\NLR\bibl\2047659 |
| -- |
2001#$aМоя нелегкая легкая атлетика$e[очерки о легкой атлетике]$fсост. и общ. ред. В. С. Лобачева$vЧ. 2 |
| Системный номер (АБИС) связанной записи |
4567756 |
| Место публикации |
Самара |
| Дата публикации |
2013 |
| Первые сведения об ответственности |
сост. и общ. ред. В. С. Лобачева |
| Имя издателя, распространителя и т.д. |
Инсома-пресс |
| Сведения, относящиеся к заглавию |
[очерки о легкой атлетике] |
| Заглавие |
Моя нелегкая легкая атлетика |
| Номер тома |
Ч. 2 |
| 601 02 - НАИМЕНОВАНИЕ ОРГАНИЗАЦИИ КАК ПРЕДМЕТ |
| Начальный элемент ввода |
"Космос", спортивный клуб легкой атлетики |
| Идентифицирующий признак |
Самара, город |
| Системный номер авторитетной/нормативной записи |
2180551 |
| Идентификатор авторитетной/нормативной записи |
RU\NLR\AUTH\6601547895 |
| 606 1# - НАИМЕНОВАНИЕ ТЕМЫ КАК ПРЕДМЕТ |
| Наименование темы |
Физическая культура и спорт |
| Тематический подзаголовок |
Высшая школа |
| Географический подзаголовок |
Соединённые Штаты Америки |
| Системный номер авторитетной/нормативной записи |
2345827 |
| Идентификатор авторитетной/нормативной записи |
RU\NLR\AUTH\6601625085 |
| 606 1# - НАИМЕНОВАНИЕ ТЕМЫ КАК ПРЕДМЕТ |
| Наименование темы |
Легкая атлетика |
| Тематический подзаголовок |
Соревнования |
| Географический подзаголовок |
Российская Федерация |
| Системный номер авторитетной/нормативной записи |
2218995 |
| Идентификатор авторитетной/нормативной записи |
RU\NLR\AUTH\6601565860 |
| 686 1# - ИНДЕКСЫ ДРУГИХ КЛАССИФИКАЦИЙ |
| Индекс |
Ч517.114(2Р-4С-2С)7 |
| 686 1# - ИНДЕКСЫ ДРУГИХ КЛАССИФИКАЦИЙ |
| Индекс |
Ч511.1,6(2)531.8 |
| 686 1# - ИНДЕКСЫ ДРУГИХ КЛАССИФИКАЦИЙ |
| Индекс |
Ч511.1,6(2Р-4С-2С)531.8 |
| 686 1# - ИНДЕКСЫ ДРУГИХ КЛАССИФИКАЦИЙ |
| Индекс |
Ч517.114(2Р)9г |
| 712 02 - НАИМЕНОВАНИЕ ОРГАНИЗАЦИИ - ВТОРИЧНАЯ ОТВЕТСТВЕННОСТЬ |
| Код отношения |
Прочие |
| Начальный элемент ввода |
"Космос", спортивный клуб легкой атлетики |
| Идентифицирующий признак |
Самара |
| Системный номер авторитетной/нормативной записи |
385298 |
| Идентификатор авторитетной/нормативной записи |
RU\NLR\AUTH\880358944 |
| 942 ## - ДОПОЛНИТЕЛЬНЫЕ ЭЛЕМЕНТЫ ЗАПИСИ (АБИС) |
| Тип экземпляра АБИС |
Книга |
| 980 ## - КОЛЛЕКЦИЯ |
| Название коллекции |
Национальная библиография |